THE MEMORY JOGGER ,A POCKET GUIDE OF TOOLS FOR CONTINUOUS IMPROVEMENT (Record no. 570697)

000 -LEADER
fixed length control field 00243nam a22000977a 4500
082 ## - DEWEY DECIMAL CLASSIFICATION NUMBER
Classification number 658 MEM'O
245 ## - TITLE STATEMENT
Title THE MEMORY JOGGER ,A POCKET GUIDE OF TOOLS FOR CONTINUOUS IMPROVEMENT
260 ## - PUBLICATION, DISTRIBUTION, ETC.
Place of publication, distribution, etc. LAWRENCE
Name of publisher, distributor, etc. G.O.A.L
300 ## - PHYSICAL DESCRIPTION
Extent 68P
942 ## - ADDED ENTRY ELEMENTS (KOHA)
Koha item type Book
Holdings
Withdrawn status Lost status Damaged status Not for loan Permanent Location Current Location Shelving location Date acquired Total Checkouts Full call number Barcode Date last seen Price effective from Koha item type
        College of Electrical & Mechanical Engineering (CEME) College of Electrical & Mechanical Engineering (CEME) General Stacks 07/20/2017   658 MEM'O CEME-25400 06/28/2021 06/28/2021 Book
© 2023 Central Library, National University of Sciences and Technology. All Rights Reserved.